000
00321nam a2200121Ia 4500
008
220204s9999 xx 000 0 und d
082
_a
577.1
_b
ANN.57
245
0
_a
Annual review of biochemistry. V 57.
260
_a
California
_b
Annual Reviews Inc
_c
1988
650
_a
Biochemistry
650
_a
Glycobiology
942
_c
BK
999
_c
32609
_d
32609